[Event "Open C"]
[Site "Polanica-Zdroj"]
[Date "2017.08.25"]
[Round "7.1"]
[White "Bakalarz, Leszek"]
[Black "Darowicki, Mariusz"]
[Result "1/2-1/2"]
[BlackElo "1942"]
[WhiteElo "1972"]
[LiveChessVersion "1.4.8"]

1. e4 {[%clk 1:30:58]} c6 {[%clk 1:30:51]} 2. d4 {[%clk 1:31:21]} d5
{[%clk 1:31:15]} 3. Nd2 {[%clk 1:31:47]} dxe4 {[%clk 1:31:25]} 4. Nxe4
{[%clk 1:32:15]} Bf5 {[%clk 1:31:20]} 5. Ng3 {[%clk 1:32:34]} Bg6
{[%clk 1:31:44]} 6. h4 {[%clk 1:32:54]} h6 {[%clk 1:31:44]} 7. Nf3
{[%clk 1:33:21]} Nd7 {[%clk 1:32:00]} 8. h5 {[%clk 1:33:42]} Bh7 {[%clk 1:32:24]}
9. Bd3 {[%clk 1:34:04]} Bxd3 {[%clk 1:32:41]} 10. Qxd3 {[%clk 1:34:32]} e6
{[%clk 1:32:54]} 11. Ne4 {[%clk 1:34:46]} Ngf6 {[%clk 1:28:24]} 12. Bd2
{[%clk 1:32:13]} Nxe4 {[%clk 1:28:02]} 13. Qxe4 {[%clk 1:32:41]} Nf6
{[%clk 1:27:59]} 14. Qe2 {[%clk 1:33:01]} Qd5 {[%clk 1:26:33]} 15. c4
{[%clk 1:31:24]} Qe4 {[%clk 1:26:49]} 16. Rh4 {[%clk 1:26:54]} Qxe2+
{[%clk 1:26:28]} 17. Kxe2 {[%clk 1:27:21]} Be7 {[%clk 1:26:37]} 18. g3
{[%clk 1:22:19]} Nd7 {[%clk 1:20:36]} 19. Re4 {[%clk 1:15:54]} Nf6
{[%clk 1:19:04]} 20. Re3 {[%clk 1:16:11]} O-O {[%clk 1:11:22]} 21. Rh1
{[%clk 1:15:26]} Bd6 {[%clk 1:05:30]} 22. Ne5 {[%clk 1:14:33]} Rfd8
{[%clk 0:56:43]} 23. Bc3 {[%clk 1:08:49]} c5 {[%clk 0:52:51]} 24. f3
{[%clk 0:54:05]} Rac8 {[%clk 0:49:58]} 25. dxc5 {[%clk 0:45:56]} Bxc5
{[%clk 0:50:07]} 26. Rd3 {[%clk 0:46:23]} Rxd3 {[%clk 0:49:16]} 27. Kxd3
{[%clk 0:46:48]} Rd8+ {[%clk 0:44:31]} 28. Ke2 {[%clk 0:45:55]} Rd6
{[%clk 0:31:45]} 29. g4 {[%clk 0:21:56]} Ne8 {[%clk 0:24:00]} 30. Rd1
{[%clk 0:16:16]} Rxd1 {[%clk 0:21:59]} 31. Kxd1 {[%clk 0:16:45]} f6
{[%clk 0:19:34]} 32. Nd3 {[%clk 0:17:08]} Bb6 {[%clk 0:19:11]} 33. b4
{[%clk 0:15:23]} Kf7 {[%clk 0:18:41]} 34. a4 {[%clk 0:11:23]} e5 {[%clk 0:15:24]}
35. Kc2 {[%clk 0:09:16]} Be3 {[%clk 0:14:09]} 36. b5 {[%clk 0:07:59]} Ke6
{[%clk 0:12:58]} 37. a5 {[%clk 0:07:14]} Nd6 {[%clk 0:12:11]} 38. Kb3
{[%clk 0:07:26]} e4 {[%clk 0:10:13]} 39. fxe4 {[%clk 0:07:48]} Nxe4
{[%clk 0:10:37]} 40. Bb4 {[%clk 0:08:03]} f5 {[%clk 0:05:24]} 41. gxf5+
{[%clk 0:08:04]} Kxf5 {[%clk 0:05:49]} 42. Bf8 {[%clk 0:07:54]} Nf6
{[%clk 0:05:16]} 43. Bxg7 Nxh5 44. Bf8 {[%clk 0:07:12]} Nf6 {[%clk 0:04:57]} 45.
Bc5 {[%clk 0:01:37]} Bxc5 {[%clk 0:04:02]} 46. Nxc5 {[%clk 0:02:05]} b6
{[%clk 0:03:39]} 47. axb6 {[%clk 0:01:19]} axb6 {[%clk 0:04:06]} 48. Na4
{[%clk 0:01:29]} h5 {[%clk 0:02:33]} 49. c5 {[%clk 0:00:35]} bxc5
{[%clk 0:02:04]} 50. Nxc5 {[%clk 0:00:51]} Nd5 {[%clk 0:02:19]} 51. Kc4
{[%clk 0:00:42]} Nb6+ {[%clk 0:02:44]} 52. Kd4 {[%clk 0:01:00]} h4
{[%clk 0:02:33]} 53. Ke3 {[%clk 0:01:00]} Ke5 {[%clk 0:02:42]} 1/2-1/2

[Event "Open C"]
[Site "Polanica-Zdroj"]
[Date "2017.08.25"]
[Round "7.2"]
[White "Szczesniak, Andrzej"]
[Black "Litner, Igor"]
[Result "1/2-1/2"]
[BlackElo "1991"]
[WhiteElo "1970"]
[LiveChessVersion "1.4.8"]

1. d4 {[%clk 1:30:58]} Nf6 {[%clk 1:24:00]} 2. c4 {[%clk 1:30:14]} g6
{[%clk 1:15:24]} 3. Nc3 {[%clk 1:30:10]} d5 {[%clk 1:15:38]} 4. Nf3
{[%clk 1:29:04]} Bg7 {[%clk 1:16:03]} 5. Qb3 {[%clk 1:29:23]} dxc4
{[%clk 1:15:36]} 6. Qxc4 {[%clk 1:29:51]} O-O {[%clk 1:15:54]} 7. e4
{[%clk 1:30:13]} c6 {[%clk 1:12:39]} 8. Be2 {[%clk 1:30:22]} Bg4 {[%clk 1:12:56]}
9. Be3 {[%clk 1:28:48]} Nbd7 {[%clk 1:09:23]} 10. Rd1 {[%clk 1:20:42]} Qc7
{[%clk 1:06:12]} 11. O-O {[%clk 1:17:12]} Rfd8 {[%clk 1:05:15]} 12. Ng5
{[%clk 1:08:37]} Rf8 {[%clk 1:02:33]} 13. Nf3 {[%clk 0:56:51]} Rfd8
{[%clk 0:56:36]} 14. Ng5 {[%clk 0:55:52]} Rf8 {[%clk 0:56:58]} 15. Nf3
{[%clk 0:56:20]} Rfd8 {[%clk 0:56:56]} 16. Ng5 1/2-1/2

[Event "Open C"]
[Site "Polanica-Zdroj"]
[Date "2017.08.25"]
[Round "7.3"]
[White "Czuchnicki, Adam"]
[Black "Kicinski, Jacek"]
[Result "*"]
[BlackElo "1955"]
[WhiteElo "1991"]
[LiveChessVersion "1.4.8"]

1. d4 {[%clk 1:30:30]} d5 {[%clk 1:30:30]} 2. c4 {[%clk 1:31:20]} c6
{[%clk 1:31:13]} 3. Nf3 {[%clk 1:31:28]} Nf6 {[%clk 1:31:38]} 4. g3
{[%clk 1:31:44]} g6 {[%clk 1:29:57]} 5. Bg2 {[%clk 1:31:20]} Bg7 {[%clk 1:30:18]}
6. O-O {[%clk 1:31:43]} O-O {[%clk 1:30:20]} 7. cxd5 {[%clk 1:27:52]} cxd5
{[%clk 1:30:20]} 8. Nc3 {[%clk 1:28:17]} Nc6 {[%clk 1:29:32]} 9. Ne5
{[%clk 1:24:54]} e6 {[%clk 1:21:21]} 10. Bf4 {[%clk 1:17:59]} Nxe5
{[%clk 1:16:17]} 11. Bxe5 {[%clk 1:18:11]} Bd7 {[%clk 1:16:01]} 12. Qb3
{[%clk 1:09:56]} Bc6 {[%clk 1:13:57]} 13. f3 {[%clk 0:58:02]} Bh6
{[%clk 1:05:26]} 14. Kh1 {[%clk 0:53:03]} Rc8 {[%clk 1:01:00]} 15. Rad1
{[%clk 0:48:53]} Qe7 {[%clk 0:48:33]} 16. e4 {[%clk 0:34:31]} Rfd8
{[%clk 0:47:31]} 17. h3 {[%clk 0:27:38]} Nh5 {[%clk 0:41:28]} 18. Ne2
{[%clk 0:20:10]} Qd7 {[%clk 0:33:00]} 19. g4 {[%clk 0:20:05]} Ba4
{[%clk 0:32:28]} 20. Qb4 {[%clk 0:15:07]} Bxd1 {[%clk 0:28:18]} 21. Rxd1
{[%clk 0:14:56]} Bf8 {[%clk 0:17:21]} 22. Qd2 {[%clk 0:14:22]} Ng7
{[%clk 0:17:41]} 23. Nc3 {[%clk 0:13:36]} Ne8 {[%clk 0:13:14]} 24. exd5
{[%clk 0:08:26]} exd5 {[%clk 0:13:26]} 25. g5 {[%clk 0:06:34]} Bb4
{[%clk 0:05:34]} 26. f4 {[%clk 0:03:11]} Bxc3 {[%clk 0:02:11]} 27. bxc3
{[%clk 0:03:38]} Rc6 {[%clk 0:02:31]} 28. Rf1 {[%clk 0:02:28]} Qe6
{[%clk 0:00:56]} 29. Kh2 {[%clk 0:02:15]} Nd6 {[%clk 0:01:09]} 30. Re1
{[%clk 0:01:57]} Rdc8 {[%clk 0:01:18]} 31. Bf6 {[%clk 0:02:11]} Nc4
{[%clk 0:00:22]} 32. Qf2 {[%clk 0:02:17]} Qd6 {[%clk 0:00:55]} 33. Be7
{[%clk 0:01:20]} Qd7 {[%clk 0:01:16]} 34. Bf6 {[%clk 0:01:08]} Re6
{[%clk 0:01:16]} 35. Qh4 {[%clk 0:00:53]} Qe8 {[%clk 0:01:13]} 36. Rxe6
{[%clk 0:00:42]} fxe6 {[%clk 0:01:36]} 37. f5 {[%clk 0:01:02]} gxf5
{[%clk 0:01:47]} 38. Bf3 {[%clk 0:01:22]} Qf8 {[%clk 0:00:39]} 39. g6
{[%clk 0:01:13]} hxg6 {[%clk 0:00:39]} 40. Qg5 {[%clk 0:00:56]} Kf7
{[%clk 0:00:59]} 41. h4 {[%clk 0:01:17]} Qg8 {[%clk 0:00:32]} 42. h5
{[%clk 0:01:30]} Qh7 {[%clk 0:00:51]} 43. h6 {[%clk 0:01:25]} Rg8
{[%clk 0:00:45]} 44. Be7 {[%clk 0:00:40]} Ke8 {[%clk 0:01:07]} 45. Bf6
{[%clk 0:00:48]} Nd6 {[%clk 0:01:09]} 46. Qf4 {[%clk 0:00:57]} Kd7
{[%clk 0:01:12]} 47. Bd1 {[%clk 0:01:12]} Ne4 {[%clk 0:01:11]} 48. Ba4+
{[%clk 0:01:29]} Kc8 {[%clk 0:01:31]} 49. Qe5 {[%clk 0:01:38]} Nxf6
{[%clk 0:01:45]} 50. Qxe6+ {[%clk 0:01:30]} Kb8 {[%clk 0:01:56]} 51. Qxf6
{[%clk 0:01:57]} Qxh6+ {[%clk 0:02:18]} 52. Kg3 {[%clk 0:01:11]} Qe3+
{[%clk 0:02:37]} 53. Kg2 {[%clk 0:01:39]} Qd2+ {[%clk 0:03:01]} 54. Kg1
{[%clk 0:01:51]} Qc1+ {[%clk 0:03:26]} 55. Kg2 {[%clk 0:02:10]} Qb2+
{[%clk 0:03:50]} 56. Kg1 {[%clk 0:02:37]} Qa1+ {[%clk 0:04:12]} *

[Event "Open C"]
[Site "Polanica-Zdroj"]
[Date "2017.08.25"]
[Round "7.4"]
[White "Cap, Piotr"]
[Black "Budnik, Mateusz"]
[Result "1/2-1/2"]
[BlackElo "1987"]
[WhiteElo "1793"]
[LiveChessVersion "1.4.8"]

1. d4 {[%clk 1:30:58]} Nf6 {[%clk 1:25:13]} 2. c4 {[%clk 1:30:59]} g6
{[%clk 1:25:12]} 3. Nf3 {[%clk 1:31:05]} Bg7 {[%clk 1:25:37]} 4. g3
{[%clk 1:31:22]} O-O {[%clk 1:25:52]} 5. Bg2 {[%clk 1:31:40]} c6 {[%clk 1:25:45]}
6. O-O {[%clk 1:31:48]} d5 {[%clk 1:26:12]} 7. cxd5 {[%clk 1:31:46]} cxd5
{[%clk 1:26:34]} 8. Nc3 {[%clk 1:32:04]} Ne4 {[%clk 1:24:41]} 9. Ne5
{[%clk 1:28:45]} Nxc3 {[%clk 1:24:20]} 10. bxc3 {[%clk 1:29:11]} Nd7
{[%clk 1:22:02]} 11. Nd3 {[%clk 1:25:19]} Nf6 {[%clk 1:17:35]} 12. Qb3
{[%clk 1:23:11]} b6 {[%clk 1:15:39]} 13. Ne5 {[%clk 1:16:49]} Bb7
{[%clk 1:14:19]} 14. Ba3 {[%clk 1:15:07]} Rc8 {[%clk 1:12:24]} 15. Qb4
{[%clk 1:11:30]} Re8 {[%clk 1:10:44]} 16. c4 {[%clk 1:02:52]} e6 {[%clk 0:55:47]}
17. Qa4 {[%clk 1:00:24]} Qc7 {[%clk 0:52:32]} 18. Rac1 {[%clk 0:56:17]} dxc4
{[%clk 0:48:07]} 19. Rxc4 {[%clk 0:55:39]} Qb8 {[%clk 0:48:01]} 20. Nc6
{[%clk 0:52:28]} Bxc6 {[%clk 0:47:52]} 21. Bxc6 {[%clk 0:51:31]} Red8
{[%clk 0:47:08]} 22. Be7 {[%clk 0:48:03]} b5 {[%clk 0:47:33]} 23. Bxb5
{[%clk 0:47:30]} Rxc4 {[%clk 0:47:49]} 24. Qxc4 {[%clk 0:47:15]} Rc8
{[%clk 0:47:55]} 25. Qd3 {[%clk 0:44:51]} Qc7 {[%clk 0:45:12]} 26. Bc5
{[%clk 0:43:00]} Nd7 {[%clk 0:44:04]} 27. Ba3 {[%clk 0:41:35]} Qa5
{[%clk 0:38:05]} 28. Be7 {[%clk 0:35:08]} Nb6 {[%clk 0:36:09]} 29. a4
{[%clk 0:29:10]} Nxa4 {[%clk 0:31:39]} 30. Ra1 {[%clk 0:27:55]} Qc7
{[%clk 0:29:42]} 31. Bg5 {[%clk 0:26:38]} Nc5 {[%clk 0:24:55]} 1/2-1/2

[Event "Open C"]
[Site "Polanica-Zdroj"]
[Date "2017.08.25"]
[Round "7.6"]
[White "Zminda, Bogdan"]
[Black "Grochol, Kamil"]
[Result "1-0"]
[BlackElo "1688"]
[WhiteElo "1957"]
[LiveChessVersion "1.4.8"]

1. e4 {[%clk 1:31:00]} c5 {[%clk 1:30:45]} 2. Nf3 {[%clk 1:31:19]} Nc6
{[%clk 1:31:09]} 3. d4 {[%clk 1:30:39]} cxd4 {[%clk 1:31:23]} 4. Nxd4
{[%clk 1:31:04]} e5 {[%clk 1:31:43]} 5. Nb5 {[%clk 1:30:32]} d6 {[%clk 1:31:58]}
6. c4 {[%clk 1:30:12]} Be7 {[%clk 1:32:17]} 7. Be2 {[%clk 1:23:38]} a6
{[%clk 1:11:35]} 8. N5c3 {[%clk 1:23:12]} Nd4 {[%clk 1:08:48]} 9. O-O
{[%clk 1:23:01]} f5 {[%clk 1:07:08]} 10. exf5 {[%clk 1:20:22]} Bxf5
{[%clk 1:06:04]} 11. Bd3 {[%clk 1:20:14]} Be6 {[%clk 1:01:28]} 12. Be3
{[%clk 1:15:57]} Nf5 {[%clk 0:54:02]} 13. Bxf5 {[%clk 1:10:22]} Bxf5
{[%clk 0:54:05]} 14. Nd5 {[%clk 1:09:00]} Rc8 {[%clk 0:50:16]} 15. b3
{[%clk 1:08:49]} Nf6 {[%clk 0:49:31]} 16. Nbc3 {[%clk 1:07:58]} Nxd5
{[%clk 0:43:02]} 17. Nxd5 {[%clk 1:06:03]} O-O {[%clk 0:38:53]} 18. f4
{[%clk 1:01:22]} exf4 {[%clk 0:28:32]} 19. Bxf4 {[%clk 0:58:01]} Bg5
{[%clk 0:26:06]} 20. Qd2 {[%clk 0:53:41]} Bxf4 {[%clk 0:23:05]} 21. Rxf4
{[%clk 0:53:32]} Bg6 {[%clk 0:14:44]} 22. Re1 {[%clk 0:47:06]} Re8
{[%clk 0:13:16]} 23. Ref1 {[%clk 0:47:12]} b5 {[%clk 0:09:18]} 24. h4
{[%clk 0:27:42]} bxc4 {[%clk 0:08:15]} 25. bxc4 {[%clk 0:28:03]} Re4
{[%clk 0:05:53]} 26. Rxe4 {[%clk 0:22:22]} Bxe4 {[%clk 0:06:20]} 27. Qd4
{[%clk 0:21:43]} Qxh4 {[%clk 0:00:48]} 28. Nc3 {[%clk 0:20:13]} Re8
{[%clk 0:00:46]} 29. Qxd6 {[%clk 0:20:05]} Qg4 {[%clk 0:00:39]} 30. Nxe4
{[%clk 0:15:26]} Qxe4 {[%clk 0:00:57]} 31. c5 {[%clk 0:12:51]} Rc8
{[%clk 0:00:46]} 32. c6 {[%clk 0:13:08]} Qe3+ {[%clk 0:00:35]} 33. Kh2
{[%clk 0:11:43]} Qe8 {[%clk 0:00:33]} 34. c7 Qh5+ 35. Kg1 {[%clk 0:11:07]} Qe8
{[%clk 0:00:33]} 36. Rd1 {[%clk 0:11:20]} Kf7 {[%clk 0:00:33]} 37. Qd5+
{[%clk 0:05:59]} Qe6 {[%clk 0:00:35]} 38. Rf1+ {[%clk 0:05:53]} Ke7
{[%clk 0:00:38]} 39. Qc5+ {[%clk 0:04:17]} Kd7 {[%clk 0:00:33]} 40. Rd1+
{[%clk 0:03:55]} Ke8 {[%clk 0:00:42]} 41. Qh5+ {[%clk 0:03:15]} Qf7
{[%clk 0:00:32]} 42. Rd8+ {[%clk 0:03:34]} Qe7 43. Rd1+ 1-0

[Event "Open C"]
[Site "Polanica-Zdroj"]
[Date "2017.08.25"]
[Round "7.7"]
[White "Lanica, Lukasz"]
[Black "Slomczewski, Michal"]
[Result "0-1"]
[BlackElo "1956"]
[WhiteElo "1773"]
[LiveChessVersion "1.4.8"]

1. f4 {[%clk 1:30:58]} g6 {[%clk 1:30:39]} 2. Nf3 {[%clk 1:31:11]} d5
{[%clk 1:29:12]} 3. e3 {[%clk 1:31:34]} Bg7 {[%clk 1:29:34]} 4. Be2
{[%clk 1:31:56]} Nf6 {[%clk 1:28:42]} 5. O-O {[%clk 1:32:16]} O-O
{[%clk 1:29:07]} 6. d3 {[%clk 1:31:33]} c5 {[%clk 1:28:30]} 7. Nbd2
{[%clk 1:28:50]} Nc6 {[%clk 1:24:29]} 8. Qe1 {[%clk 1:23:38]} Qc7
{[%clk 1:15:21]} 9. Qh4 {[%clk 1:11:31]} b5 {[%clk 0:58:55]} 10. e4
{[%clk 0:59:33]} dxe4 {[%clk 0:50:30]} 11. dxe4 {[%clk 0:56:32]} c4
{[%clk 0:49:29]} 12. a4 {[%clk 0:45:12]} Nb4 {[%clk 0:45:00]} 13. Bd1
{[%clk 0:31:54]} Ng4 {[%clk 0:33:44]} 14. Ng5 {[%clk 0:22:58]} h6
{[%clk 0:27:27]} 15. Nxf7 {[%clk 0:18:21]} Qb6+ {[%clk 0:23:24]} 16. Kh1
{[%clk 0:18:21]} Rxf7 {[%clk 0:23:43]} 17. Bxg4 {[%clk 0:18:27]} Bxg4
{[%clk 0:22:43]} 18. Qxg4 {[%clk 0:18:50]} Nxc2 {[%clk 0:23:05]} 19. Rb1
{[%clk 0:14:30]} Ne3 {[%clk 0:23:18]} 20. Qe2 {[%clk 0:14:23]} Nxf1
{[%clk 0:23:19]} 21. Nxf1 {[%clk 0:14:38]} e5 {[%clk 0:17:17]} 22. Ne3
{[%clk 0:11:29]} exf4 {[%clk 0:15:06]} 23. Nd5 {[%clk 0:11:58]} Qd4
{[%clk 0:14:57]} 24. Bxf4 {[%clk 0:08:19]} Re8 {[%clk 0:13:20]} 25. Re1
{[%clk 0:05:05]} Qxd5 {[%clk 0:13:19]} 0-1

[Event "Open C"]
[Site "Polanica-Zdroj"]
[Date "2017.08.25"]
[Round "7.8"]
[White "Majdziak, Witold"]
[Black "Mike, Patryk"]
[Result "0-1"]
[BlackElo "1864"]
[WhiteElo "1764"]
[LiveChessVersion "1.4.8"]

1. e4 {[%clk 1:30:53]} e5 {[%clk 1:30:21]} 2. Nf3 {[%clk 1:31:12]} Nc6
{[%clk 1:30:24]} 3. Nc3 {[%clk 1:30:20]} Nf6 {[%clk 1:25:57]} 4. d4
{[%clk 1:30:14]} exd4 {[%clk 1:25:17]} 5. Nxd4 {[%clk 1:30:33]} Bb4
{[%clk 1:23:27]} 6. f3 {[%clk 1:19:17]} d5 {[%clk 0:55:48]} 7. Bb5
{[%clk 1:15:14]} Bd7 {[%clk 0:52:42]} 8. Bxc6 {[%clk 1:13:25]} bxc6
{[%clk 0:50:15]} 9. O-O {[%clk 1:09:01]} c5 {[%clk 0:44:13]} 10. e5
{[%clk 0:47:22]} cxd4 {[%clk 0:40:37]} 11. exf6 {[%clk 0:43:01]} dxc3
{[%clk 0:38:11]} 12. Qe2+ {[%clk 0:40:50]} Kf8 {[%clk 0:36:48]} 13. fxg7+
{[%clk 0:35:16]} Kxg7 {[%clk 0:36:51]} 14. Bf4 {[%clk 0:24:40]} Bd6
{[%clk 0:30:53]} 15. Bc1 {[%clk 0:22:38]} Qf6 {[%clk 0:30:20]} 16. bxc3
{[%clk 0:22:23]} Qe5 {[%clk 0:29:55]} 17. Qd3 {[%clk 0:18:24]} Bf5
{[%clk 0:26:46]} 18. f4 {[%clk 0:17:51]} Bc5+ {[%clk 0:26:39]} 19. Kh1
{[%clk 0:16:37]} Bxd3 {[%clk 0:27:01]} 20. fxe5 {[%clk 0:17:00]} Bxf1
{[%clk 0:27:16]} 21. Bg5 {[%clk 0:17:15]} 0-1

[Event "Open C"]
[Site "Polanica-Zdroj"]
[Date "2017.08.25"]
[Round "7.9"]
[White "Cichocki, Konrad"]
[Black "Twardowski, Hubert"]
[Result "*"]
[BlackElo "1608"]
[WhiteElo "1857"]
[LiveChessVersion "1.4.8"]

1. c4 Nf6 2. Nc3 e5 3. Nf3 Nc6 4. g3 h6 5. d3 d5 6. cxd5 Nxd5 7. Bg2 Be6 8. O-O
Be7 9. d4 exd4 10. Nxd4 Nxd4 11. Qxd4 Nxc3 12. Qxc3 c6 13. Bf4 O-O 14. Rfd1 Qb6
15. Be5 Bb4 16. Qf3 Rad8 17. a3 Bc5 18. b4 Bd4 19. Bxd4 Rxd4 20. e3 Bg4 21. Rxd4
Bxf3 22. Bxf3 Rd8 23. Rxd8+ Qxd8 24. Rd1 Qe7 25. Rd4 Qf6 26. Kg2 b6 27. Rc4 Qb2
28. Bxc6 Qxa3 29. Bd5 g5 30. Rc7 Qxb4 31. Rxa7 Qc5 32. e4 Qd4 33. Bxf7+ Kf8 34.
Bd5 g4 35. Rf7+ Ke8 36. Rf4 Qd1 37. Be6 b5 38. Bxg4 Qd4 39. Be6 b4 40. Bd5 Ke7
41. Rf3 Qe5 42. Rd3 Qb2 43. e5 Qe2 44. Re3 Qd2 45. Bb3 Qb2 46. g4 Qd4 47. Kg3 Qd2
48. h4 Qc1 49. Kg2 Qc6+ 50. Rf3 Qe4 51. e6 Qxg4+ 52. Rg3 Qe4+ 53. Kf1 *

[Event "Open C"]
[Site "Polanica-Zdroj"]
[Date "2017.08.25"]
[Round "7.11"]
[White "Mastalarz, Jozef"]
[Black "Pluta, Natalia"]
[Result "1/2-1/2"]
[BlackElo "1787"]
[WhiteElo "1737"]
[LiveChessVersion "1.4.8"]

1. d4 d5 2. Nf3 c6 3. g3 Nf6 4. Bg2 Bf5 5. O-O e6 6. Nh4 Bg6 7. Nxg6 hxg6 8. Bg5
Bd6 9. c4 Nbd7 10. Qc2 Qc7 11. Nd2 O-O-O 12. e4 dxe4 13. Nxe4 Be7 14. Rfd1 Rh5
15. Rab1 Rdh8 16. h3 Nxe4 17. Bxe7 Ndf6 18. Bxf6 Nxf6 19. b4 e5 20. b5 e4 21.
bxc6 Qxc6 22. Qb3 Nd7 23. c5 f5 24. d5 Qc7 25. c6 bxc6 26. dxc6 Nc5 27. Qa3 f4
28. gxf4 Rf8 29. h4 Rhf5 30. Bh3 Nd3 31. Qxf8+ Rh5 32. Qa3+ 1/2-1/2

[Event "Open C"]
[Site "Polanica-Zdroj"]
[Date "2017.08.25"]
[Round "7.12"]
[White "Burzak, Wojciech"]
[Black "Slabek, Grzegorz"]
[Result "1/2-1/2"]
[BlackElo "2000"]
[WhiteElo "1687"]
[LiveChessVersion "1.4.8"]

1. e4 {[%clk 1:30:57]} d5 {[%clk 1:30:35]} 2. exd5 {[%clk 1:31:18]} Nf6
{[%clk 1:30:56]} 3. d4 {[%clk 1:31:38]} Nxd5 {[%clk 1:31:20]} 4. c4
{[%clk 1:31:57]} Nb6 {[%clk 1:31:44]} 5. Nf3 {[%clk 1:32:20]} g6 {[%clk 1:32:01]}
6. h3 {[%clk 1:31:45]} Bg7 {[%clk 1:32:24]} 7. Nc3 {[%clk 1:31:59]} O-O
{[%clk 1:32:47]} 8. Be3 {[%clk 1:32:18]} Nc6 {[%clk 1:33:04]} 9. Be2
{[%clk 1:31:36]} Na5 {[%clk 1:29:19]} 10. b3 {[%clk 1:28:56]} c5 {[%clk 1:29:14]}
11. Rc1 {[%clk 1:29:07]} cxd4 {[%clk 1:29:32]} 12. Bxd4 {[%clk 1:28:15]} Nc6
{[%clk 1:29:24]} 13. Bxg7 {[%clk 1:27:54]} Qxd1+ {[%clk 1:29:39]} 14. Rxd1
{[%clk 1:27:59]} Kxg7 {[%clk 1:30:04]} 15. O-O {[%clk 1:28:00]} f6
{[%clk 1:29:41]} 16. Nb5 {[%clk 1:26:46]} Rb8 {[%clk 1:29:03]} 17. Nfd4
{[%clk 1:21:43]} Nxd4 {[%clk 1:19:21]} 18. Rxd4 {[%clk 1:20:35]} Bd7
{[%clk 1:14:38]} 19. c5 {[%clk 1:16:34]} Bxb5 {[%clk 1:12:15]} 20. Bxb5
{[%clk 1:14:07]} a6 {[%clk 1:10:38]} 21. Be2 {[%clk 1:13:25]} Nc8
{[%clk 1:09:24]} 22. Rd7 {[%clk 1:13:05]} Re8 {[%clk 1:09:52]} 23. Bf3
{[%clk 1:12:20]} b6 {[%clk 1:09:36]} 24. c6 {[%clk 1:10:01]} Nd6 {[%clk 1:09:02]}
25. Rd1 {[%clk 1:05:11]} Kf8 {[%clk 1:09:24]} 26. c7 {[%clk 1:04:22]} Rbc8
{[%clk 1:09:29]} 27. Kh2 {[%clk 1:02:14]} Nb5 {[%clk 1:07:30]} 28. Rc1
{[%clk 1:01:26]} Nd6 {[%clk 1:03:17]} 29. Rc6 {[%clk 1:00:52]} Nf7
{[%clk 1:02:58]} 30. Rxb6 {[%clk 0:52:59]} Ne5 {[%clk 1:02:55]} 31. Rd8
{[%clk 0:51:24]} Rxc7 {[%clk 1:02:17]} 32. Rxe8+ {[%clk 0:49:46]} Kxe8
{[%clk 1:02:41]} 33. Rxa6 {[%clk 0:50:12]} Nxf3+ {[%clk 1:02:51]} 34. gxf3
{[%clk 0:50:36]} Kd7 {[%clk 1:03:08]} 35. b4 {[%clk 0:50:28]} Rc2
{[%clk 1:03:32]} 36. Kg3 {[%clk 0:50:44]} Rb2 {[%clk 1:03:56]} 37. a3
{[%clk 0:50:49]} Rb3 {[%clk 1:04:19]} 38. Ra7+ {[%clk 0:47:59]} Kd6
{[%clk 1:04:46]} 39. Kf4 {[%clk 0:45:17]} e5+ {[%clk 1:05:00]} 40. Kg3
{[%clk 0:42:38]} e4 1/2-1/2

[Event "Open C"]
[Site "Polanica-Zdroj"]
[Date "2017.08.26"]
[Round "8.1"]
[White "Darowicki, Mariusz"]
[Black "Kicinski, Jacek"]
[Result "1-0"]
[BlackElo "1955"]
[WhiteElo "1942"]
[LiveChessVersion "1.4.8"]

1. d4 {[%clk 1:30:53]} d5 {[%clk 1:30:49]} 2. c4 {[%clk 1:31:01]} c6
{[%clk 1:31:15]} 3. Nf3 {[%clk 1:31:13]} Nf6 {[%clk 1:31:40]} 4. e3
{[%clk 1:31:34]} Bf5 {[%clk 1:25:34]} 5. Nc3 {[%clk 1:31:00]} e6 {[%clk 1:25:35]}
6. Nh4 {[%clk 1:28:44]} Bg6 {[%clk 1:19:40]} 7. Qb3 {[%clk 1:28:19]} Qc7
{[%clk 1:18:46]} 8. Bd2 {[%clk 1:23:24]} Nbd7 {[%clk 1:13:53]} 9. cxd5
{[%clk 1:18:05]} exd5 {[%clk 1:12:14]} 10. Rc1 {[%clk 1:13:55]} Qb6
{[%clk 1:11:47]} 11. Qd1 {[%clk 1:07:57]} Bd6 {[%clk 1:09:22]} 12. h3
{[%clk 1:00:14]} Ne4 {[%clk 1:02:01]} 13. Nxg6 {[%clk 0:56:56]} Nxc3
{[%clk 1:01:46]} 14. bxc3 {[%clk 0:53:36]} hxg6 {[%clk 1:02:07]} 15. c4
{[%clk 0:52:48]} dxc4 {[%clk 1:00:53]} 16. Bxc4 {[%clk 0:52:01]} Nf6
{[%clk 0:43:55]} 17. Rb1 {[%clk 0:45:36]} Qc7 {[%clk 0:43:26]} 18. Qb3
{[%clk 0:40:48]} Rb8 {[%clk 0:40:20]} 19. Bb4 {[%clk 0:29:02]} O-O
{[%clk 0:30:00]} 20. O-O {[%clk 0:27:33]} b5 {[%clk 0:27:20]} 21. Bxd6
{[%clk 0:25:23]} Qxd6 {[%clk 0:27:37]} 22. Bd3 {[%clk 0:25:43]} Nd7
{[%clk 0:17:50]} 23. Be2 {[%clk 0:19:42]} a6 {[%clk 0:12:04]} 24. Rfd1
{[%clk 0:18:58]} Rfe8 {[%clk 0:09:16]} 25. Rbc1 {[%clk 0:17:49]} Rbc8
{[%clk 0:08:12]} 26. Bf3 {[%clk 0:16:37]} Nf6 {[%clk 0:04:22]} 27. Rc5
{[%clk 0:15:28]} Nd7 {[%clk 0:01:12]} 28. Rc2 {[%clk 0:15:29]} Nb6
{[%clk 0:00:42]} 29. Rdc1 {[%clk 0:14:34]} Nc4 {[%clk 0:00:46]} 30. Be2
{[%clk 0:14:23]} Na5 {[%clk 0:00:51]} 31. Qc3 {[%clk 0:14:10]} Qd8
{[%clk 0:00:55]} 32. a4 {[%clk 0:12:30]} bxa4 {[%clk 0:01:15]} 33. Bxa6
{[%clk 0:12:16]} Ra8 {[%clk 0:01:38]} 34. Bc4 {[%clk 0:12:16]} Qd6
{[%clk 0:01:09]} 35. Ra2 {[%clk 0:09:36]} Nb7 {[%clk 0:00:37]} 36. Rb1
{[%clk 0:08:32]} Reb8 {[%clk 0:00:54]} 37. Qa3 {[%clk 0:05:09]} c5
{[%clk 0:00:53]} 38. Rab2 {[%clk 0:05:10]} Na5 {[%clk 0:00:32]} 39. Rxb8+
{[%clk 0:04:40]} Rxb8 {[%clk 0:00:58]} 40. Rxb8+ {[%clk 0:05:00]} Qxb8
{[%clk 0:01:24]} 41. Qxa4 {[%clk 0:04:25]} Nxc4 {[%clk 0:00:44]} 42. Qxc4
{[%clk 0:04:50]} cxd4 {[%clk 0:01:11]} 43. exd4 {[%clk 0:05:02]} Qb1+
{[%clk 0:01:14]} 44. Kh2 {[%clk 0:04:52]} Kf8 {[%clk 0:01:43]} 45. Qd5
{[%clk 0:05:06]} f6 {[%clk 0:01:47]} 46. Qd8+ {[%clk 0:05:05]} Kf7
{[%clk 0:02:16]} 47. Qc7+ {[%clk 0:05:07]} Kf8 {[%clk 0:02:40]} 48. Qf4
{[%clk 0:03:47]} Qd3 {[%clk 0:02:34]} 49. g3 {[%clk 0:03:42]} Kf7
{[%clk 0:02:59]} 50. Qc7+ {[%clk 0:03:54]} Kf8 {[%clk 0:03:15]} 51. Qd8+
{[%clk 0:03:51]} Kf7 {[%clk 0:03:44]} 52. Qd5+ {[%clk 0:04:12]} Kf8
{[%clk 0:03:38]} 53. Kg2 {[%clk 0:04:28]} g5 {[%clk 0:03:59]} 54. Qc5+
{[%clk 0:04:03]} Kf7 {[%clk 0:04:24]} 55. d5 {[%clk 0:03:58]} g6 {[%clk 0:03:50]}
56. Qc7+ {[%clk 0:04:13]} Kf8 {[%clk 0:03:04]} 57. Qc8+ {[%clk 0:03:50]} Ke7
{[%clk 0:00:44]} 58. Qe6+ {[%clk 0:04:04]} Kd8 {[%clk 0:00:38]} 59. Qxf6+
{[%clk 0:04:29]} Kd7 {[%clk 0:00:54]} 60. Qxg5 {[%clk 0:04:42]} Qe4+
{[%clk 0:01:11]} 61. Kh2 {[%clk 0:04:54]} Qc2 {[%clk 0:00:47]} 62. Qf4
{[%clk 0:04:47]} Qd3 {[%clk 0:01:05]} 63. d6 {[%clk 0:04:52]} Qc2
{[%clk 0:01:15]} 64. Qf8 {[%clk 0:05:01]} Ke6 {[%clk 0:01:12]} 65. Qe7+
{[%clk 0:04:58]} Kf5 {[%clk 0:00:55]} 66. g4+ {[%clk 0:05:10]} Kf4
{[%clk 0:01:21]} 67. Qe3# {[%clk 0:05:35]} Qc3 1-0